[Event "ODJM B 2022"]
[Site "Willingen GER"]
[Date "2022.06.09"]
[Round "7"]
[White "Tryfon, Konstantin"]
[Black "Tornay, Aritz"]
[Result "1-0"]
[Termination "normal"]
[Board "8"]
[WhiteElo "1634"]
[BlackElo "1765"]
[WhiteClock "00:02:03"]
[BlackClock "00:01:00"]
[PlyCount "76"]
[WhiteFideId "16282353"]
[BlackFideId "16205740"]
[EventCountry "GER"]
[EventRounds "9"]
[EventType "swiss"]
[EventDate "2022.06.04"]

1. d4 {[%clk 1:30:59]} Nf6 {[%clk 1:30:48]} 2. c4 {[%clk 1:31:24]} g6 {[%clk
1:31:13]} 3. Nc3 {[%clk 1:31:51]} Bg7 {[%clk 1:31:36]} 4. e4 {[%clk 1:32:17]}
d6 {[%clk 1:32:00]} 5. Be2 {[%clk 1:32:37]} O-O {[%clk 1:31:43]} 6. Be3 {[%clk
1:33:04]} e5 {[%clk 1:31:56]} 7. d5 {[%clk 1:33:28]} Na6 {[%clk 1:32:18]} 8. g4
{[%clk 1:33:43]} Nc5 {[%clk 1:31:56]} 9. f3 {[%clk 1:34:07]} c6 {[%clk
1:27:36]} 10. h4 {[%clk 1:34:19]} cxd5 {[%clk 1:25:22]} 11. cxd5 {[%clk
1:34:37]} a6 {[%clk 1:24:38]} 12. g5 {[%clk 1:34:02]} Nh5 {[%clk 1:24:19]} 13.
Qd2 {[%clk 1:34:25]} b5 {[%clk 1:21:08]} 14. b4 {[%clk 1:26:55]} Nd7 {[%clk
1:08:01]} 15. Rc1 {[%clk 1:14:14]} Nb6 {[%clk 1:00:36]} 16. Nd1 {[%clk
1:04:23]} Bd7 {[%clk 0:49:34]} 17. Bf2 {[%clk 0:57:18]} Na4 {[%clk 0:43:44]}
18. Bf1 {[%clk 0:50:44]} f5 {[%clk 0:36:31]} 19. gxf6 {[%clk 0:47:31]} Rxf6
{[%clk 0:33:28]} 20. Bh3 {[%clk 0:45:55]} Nf4 {[%clk 0:30:07]} 21. Bxd7 {[%clk
0:44:17]} Qxd7 {[%clk 0:30:35]} 22. Ne3 {[%clk 0:42:26]} Nb2 {[%clk 0:27:51]}
23. Rc3 {[%clk 0:35:16]} Na4 {[%clk 0:24:07]} 24. Rc2 {[%clk 0:31:41]} Rc8
{[%clk 0:23:21]} 25. Ne2 {[%clk 0:22:28]} Nh3 {[%clk 0:19:18]} 26. Rxh3 {[%clk
0:16:23]} Qxh3 {[%clk 0:16:20]} 27. Ng4 {[%clk 0:16:35]} Rff8 {[%clk 0:14:57]}
28. Ng1 {[%clk 0:15:45]} Qh1 {[%clk 0:15:18]} 29. Ke2 {[%clk 0:12:19]} h5
{[%clk 0:14:07]} 30. Ne3 {[%clk 0:11:33]} Bh6 {[%clk 0:13:22]} 31. Rc6 {[%clk
0:10:14]} Rfd8 {[%clk 0:09:59]} 32. Qc2 {[%clk 0:08:02]} Rxc6 {[%clk 0:04:28]}
33. dxc6 {[%clk 0:04:14]} Bxe3 {[%clk 0:04:04]} 34. c7 {[%clk 0:04:35]} Rc8
{[%clk 0:03:26]} 35. Kxe3 {[%clk 0:05:00]} Qh2 {[%clk 0:03:29]} 36. Ne2 {[%clk
0:05:10]} Qh3 {[%clk 0:02:46]} 37. Qc6 {[%clk 0:03:19]} Qe6 {[%clk 0:02:23]}
38. f4 {[%clk 0:02:03]} Qe7 {[%clk 0:01:00]} 1-0

[Event "ODJM B 2022"]
[Site "Willingen GER"]
[Date "2022.06.09"]
[Round "7"]
[White "Andrade, Ruben"]
[Black "Birkenheier, Nicolas"]
[Result "0-1"]
[Termination "normal"]
[Board "11"]
[WhiteElo "1694"]
[BlackElo "1350"]
[WhiteClock "00:00:35"]
[BlackClock "00:05:30"]
[PlyCount "65"]
[WhiteFideId "16246829"]
[BlackFideId "16287100"]
[EventCountry "GER"]
[EventRounds "9"]
[EventType "swiss"]
[EventDate "2022.06.04"]

1. e4 {[%clk 1:30:58]} e5 {[%clk 1:30:53]} 2. Nf3 {[%clk 1:31:26]} Nc6 {[%clk
1:31:10]} 3. Bc4 {[%clk 1:31:52]} Bc5 {[%clk 1:31:27]} 4. c3 {[%clk 1:32:19]}
Nf6 {[%clk 1:31:44]} 5. d4 {[%clk 1:32:42]} exd4 {[%clk 1:31:36]} 6. cxd4
{[%clk 1:33:07]} Bb4+ {[%clk 1:31:36]} 7. Nc3 {[%clk 1:33:30]} Nxe4 {[%clk
1:31:10]} 8. O-O {[%clk 1:33:42]} Bxc3 {[%clk 1:31:06]} 9. d5 {[%clk 1:34:03]}
Ne5 {[%clk 1:30:28]} 10. bxc3 {[%clk 1:34:27]} Nxc4 {[%clk 1:30:15]} 11. Qd4
{[%clk 1:34:45]} O-O {[%clk 1:29:48]} 12. Qxe4 {[%clk 1:34:46]} Nd6 {[%clk
1:29:24]} 13. Qd3 {[%clk 1:33:35]} b6 {[%clk 1:24:02]} 14. Ng5 {[%clk 1:25:46]}
f5 {[%clk 1:22:50]} 15. h4 {[%clk 1:18:44]} h6 {[%clk 1:19:18]} 16. Nf3 {[%clk
1:19:04]} Bb7 {[%clk 1:13:43]} 17. Bb2 {[%clk 1:03:48]} Qf6 {[%clk 0:59:02]}
18. Rab1 {[%clk 0:51:29]} Qf7 {[%clk 0:56:20]} 19. c4 {[%clk 0:49:03]} Rad8
{[%clk 0:42:54]} 20. Ne5 {[%clk 0:43:03]} Qh5 {[%clk 0:39:55]} 21. Qd4 {[%clk
0:41:22]} Rf6 {[%clk 0:35:49]} 22. Qf4 {[%clk 0:23:49]} Rff8 {[%clk 0:28:17]}
23. Rfe1 {[%clk 0:20:51]} Bc8 {[%clk 0:18:10]} 24. f3 {[%clk 0:13:39]} Ne8
{[%clk 0:12:51]} 25. Nd3 {[%clk 0:10:49]} Nf6 {[%clk 0:08:48]} 26. Qg3 {[%clk
0:04:40]} Rde8 {[%clk 0:06:41]} 27. Nf4 {[%clk 0:02:46]} Qf7 {[%clk 0:06:47]}
28. Ng6 {[%clk 0:01:14]} Nh5 {[%clk 0:06:17]} 29. Qxc7 {[%clk 0:00:35]} Qxg6
{[%clk 0:06:15]} 30. Rxe8 {[%clk 0:00:34]} Rxe8 {[%clk 0:06:07]} 31. Kf2 {[%clk
0:00:41]} f4 {[%clk 0:05:30]} 32. Be5 {[%clk 0:00:35]} Qxb1 33. Ke3 0-1

[Event "ODJM B 2022"]
[Site "Willingen GER"]
[Date "2022.06.09"]
[Round "7"]
[White "Bouhadjer, Youcef"]
[Black "Rotärmel, Leonie"]
[Result "1/2-1/2"]
[Termination "normal"]
[Board "14"]
[WhiteElo "1630"]
[BlackElo "1486"]
[PlyCount "66"]
[WhiteFideId "16251539"]
[BlackFideId "16281390"]
[EventCountry "GER"]
[EventRounds "9"]
[EventType "swiss"]
[EventDate "2022.06.04"]

1. e4 c6 2. d4 d5 3. e5 e6 4. Bd3 c5 5. c3 Nc6 6. Nf3 Qb6 7. Bc2 Bd7 8. O-O
Nge7 9. b3 Ng6 10. Be3 Be7 11. Re1 cxd4 12. cxd4 Rc8 13. a3 Qc7 14. b4 Ncxe5
15. Bxg6 Nxg6 16. Nbd2 b6 17. Rc1 Qb7 18. Rxc8+ Qxc8 19. Qc1 Qxc1 20. Rxc1 Bd6
21. g3 O-O 22. Nf1 Rc8 23. Rxc8+ Bxc8 24. N3d2 Ba6 25. f4 Bxf1 26. Kxf1 Ne7 27.
Nf3 Nf5 28. Bd2 b5 29. Ke2 Kf8 30. Bc3 Bc7 31. Nd2 Nd6 32. Ke3 Nc4+ 33. Nxc4
dxc4 1/2-1/2

[Event "ODJM B 2022"]
[Site "Willingen GER"]
[Date "2022.06.09"]
[Round "7"]
[White "Hofmann, Benjamin"]
[Black "Müller, Anker"]
[Result "1-0"]
[Termination "normal"]
[Board "15"]
[WhiteElo "1483"]
[BlackElo "1509"]
[PlyCount "43"]
[WhiteFideId "16270266"]
[BlackFideId "1472070"]
[EventCountry "GER"]
[EventRounds "9"]
[EventType "swiss"]
[EventDate "2022.06.04"]

1. e4 c6 2. d4 d5 3. exd5 cxd5 4. Bd3 Nc6 5. c3 Nf6 6. Nf3 Bg4 7. Nbd2 e6 8.
Qb3 Rb8 9. O-O Bd6 10. Re1 O-O 11. Ne5 Nd7 12. Nxg4 Qh4 13. h3 h5 14. Nf3 Qe7
15. Ne3 Nf6 16. Nf5 Qc7 17. Nxd6 Qxd6 18. Ne5 Rfc8 19. Qd1 g6 20. Qf3 Kg7 21.
Bh6+ Kxh6 22. Nxf7+ 1-0

[Event "ODJM B 2022"]
[Site "Willingen GER"]
[Date "2022.06.09"]
[Round "7"]
[White "Sari, Reber Furkan"]
[Black "Vollbehr, Bjarne"]
[Result "0-1"]
[Termination "normal"]
[Board "16"]
[WhiteElo "1292"]
[BlackElo "1634"]
[PlyCount "84"]
[WhiteFideId "34623507"]
[BlackFideId "34606025"]
[EventCountry "GER"]
[EventRounds "9"]
[EventType "swiss"]
[EventDate "2022.06.04"]

1. e4 e5 2. Nf3 Nc6 3. Bb5 d6 4. d4 exd4 5. Nxd4 Bd7 6. Bxc6 bxc6 7. c4 Be7 8.
O-O Nf6 9. Nc3 O-O 10. Re1 Re8 11. f3 c5 12. Nc2 Be6 13. Ne3 Nd7 14. Ncd5 Bf8
15. b3 Nb6 16. Bb2 Rb8 17. Qc2 c6 18. Nc3 Qg5 19. Qf2 f5 20. exf5 Bxf5 21. Nxf5
Qxf5 22. Rad1 d5 23. cxd5 cxd5 24. Re2 d4 25. Ne4 Nd5 26. Rc1 Nf4 27. Rd2 d3
28. Kh1 Rbd8 29. Rcd1 c4 30. bxc4 Qf7 31. c5 Qc4 32. Rc1 Qf7 33. Ba1 Ne2 34.
Rcd1 Rxe4 35. Rxd3 Rxd3 36. Rxd3 Re8 37. Rd2 Nf4 38. c6 Bc5 39. Qg3 Nh5 40. Qh4
Qf4 41. g3 Qxf3+ 42. Rg2 Re1# 0-1

[Event "ODJM B 2022"]
[Site "Willingen GER"]
[Date "2022.06.09"]
[Round "7"]
[White "Paqarizi, Endrit"]
[Black "Glotz, Richard"]
[Result "1-0"]
[Termination "normal"]
[Board "17"]
[WhiteElo "1380"]
[BlackElo "1607"]
[PlyCount "81"]
[WhiteFideId "16235827"]
[BlackFideId "34601520"]
[EventCountry "GER"]
[EventRounds "9"]
[EventType "swiss"]
[EventDate "2022.06.04"]

1. d4 Nf6 2. Nc3 d5 3. Bf4 c5 4. e3 cxd4 5. exd4 a6 6. Nf3 Nc6 7. Be2 Bg4 8.
O-O e6 9. Ne5 Bxe2 10. Nxe2 Rc8 11. c3 Bd6 12. Nd3 Bxf4 13. Nexf4 Nd7 14. Re1
O-O 15. Re3 b5 16. b4 Ne7 17. Nc5 Nxc5 18. bxc5 Qc7 19. Nd3 Ng6 20. a4 Ra8 21.
Re2 Ra7 22. Qb3 Ne7 23. Rea2 Rfa8 24. axb5 axb5 25. Qxb5 Rxa2 26. Rxa2 Rb8 27.
Qb6 Rxb6 28. cxb6 Qb8 29. Nc5 h6 30. b7 Kh7 31. Ra8 Qf4 32. g3 Qc1+ 33. Kg2 Nc6
34. Rc8 Na7 35. Rh8+ Kxh8 36. b8=Q+ Kh7 37. Qxa7 Qxc3 38. Qxf7 Qxd4 39. Nxe6
Qe4+ 40. Kh3 Qe5 41. Nf8+ 1-0

[Event "ODJM B 2022"]
[Site "Willingen GER"]
[Date "2022.06.09"]
[Round "7"]
[White "Brunner, Alexander"]
[Black "Frydel, Marcel"]
[Result "1-0"]
[Termination "normal"]
[Board "18"]
[WhiteElo "1666"]
[BlackElo "1251"]
[PlyCount "47"]
[WhiteFideId "12965278"]
[BlackFideId "16245733"]
[EventCountry "GER"]
[EventRounds "9"]
[EventType "swiss"]
[EventDate "2022.06.04"]

1. d4 d5 2. Nc3 Bf5 3. Bf4 e6 4. e3 Bd6 5. Nge2 Ne7 6. f3 O-O 7. g4 Bg6 8. h4
Bxf4 9. Nxf4 h6 10. Bd3 Bxd3 11. Qxd3 Nd7 12. g5 Nf5 13. O-O-O c5 14. Rdg1 c4
15. Qd2 Re8 16. e4 hxg5 17. hxg5 e5 18. Qh2 Kf8 19. Ncxd5 Ne7 20. Qh8+ Ng8 21.
Rh7 Re7 22. Qxg7+ Ke8 23. Qxg8+ Nf8 24. Nf6# 1-0

[Event "ODJM B 2022"]
[Site "Willingen GER"]
[Date "2022.06.09"]
[Round "7"]
[White "Laux, Filip"]
[Black "Borgert, Alexander"]
[Result "0-1"]
[Termination "normal"]
[Board "19"]
[WhiteElo "1395"]
[BlackElo "1468"]
[PlyCount "116"]
[WhiteFideId "16275730"]
[BlackFideId "16289188"]
[EventCountry "GER"]
[EventRounds "9"]
[EventType "swiss"]
[EventDate "2022.06.04"]

1. e4 c5 2. Nf3 Nc6 3. g3 g6 4. Bg2 Bg7 5. O-O d6 6. Re1 e5 7. d3 Nf6 8. Nbd2
Be6 9. Nf1 O-O 10. Nh4 d5 11. exd5 Bxd5 12. Ne3 Bxg2 13. Nhxg2 Nd5 14. c4 Nxe3
15. Bxe3 b6 16. Rb1 Nb4 17. a3 Nxd3 18. Re2 e4 19. Rd2 Qe7 20. Qc2 f5 21. b3
Ne5 22. Rd5 Rad8 23. Nf4 Nf3+ 24. Kh1 Nd4 25. Bxd4 cxd4 26. b4 Rxd5 27. Nxd5
Qd7 28. Qb3 Kh8 29. Rd1 Rd8 30. b5 Re8 31. Kg1 d3 32. h4 Bd4 33. Kg2 Qb7 34.
Kf1 e3 35. fxe3 Rxe3 36. Rxd3 Rxd3 37. Qxd3 Qg7 38. Qe2 Qe5 39. Qxe5+ Bxe5 40.
Kf2 Kg7 41. Kf3 Kf7 42. g4 fxg4+ 43. Kxg4 h5+ 44. Kg5 Bb2 45. Kf4 Bxa3 46. Ke5
Bc5 47. Ke4 Bf2 48. Nb4 Bxh4 49. Nc6 Bf2 50. Nxa7 h4 51. Kf3 Bc5 52. Nc6 Bd6
53. Kg4 g5 54. Nd4 Ke7 55. Nc2 Be5 56. Ne3 Kd6 57. Nc2 Kc5 58. Ne1 Kxc4 0-1

[Event "ODJM B 2022"]
[Site "Willingen GER"]
[Date "2022.06.09"]
[Round "7"]
[White "Schilay, Eva"]
[Black "Kanno, Clara Yumi"]
[Result "1-0"]
[Termination "normal"]
[Board "20"]
[WhiteElo "1691"]
[BlackElo "1182"]
[PlyCount "79"]
[WhiteFideId "12930164"]
[BlackFideId "16259661"]
[EventCountry "GER"]
[EventRounds "9"]
[EventType "swiss"]
[EventDate "2022.06.04"]

1. e4 c5 2. g3 d6 3. Bg2 Nc6 4. d3 g6 5. f4 e5 6. Nf3 Nge7 7. Nc3 Bg7 8. O-O
Bd7 9. Nh4 f6 10. Be3 Qb6 11. Na4 Qa5 12. fxe5 fxe5 13. Nc3 Be6 14. Nf3 h6 15.
Nd2 O-O-O 16. Nc4 Qa6 17. Nd5 b6 18. Qd2 Qb7 19. c3 Qd7 20. Ncxb6+ axb6 21.
Nxb6+ Kc7 22. Nxd7 Kxd7 23. b4 cxb4 24. cxb4 h5 25. b5 Nd4 26. Bxd4 exd4 27. a4
h4 28. Qa5 hxg3 29. Qa7+ Ke8 30. hxg3 Bf6 31. Rxf6 Rd7 32. Qxd4 Bg4 33. Rxg6
Rc7 34. Qxh8+ Kf7 35. Rf1+ Bf5 36. Rxf5+ Kxg6 37. Rf6+ Kg5 38. Qh6+ Kg4 39.
Rf4+ Kxg3 40. Qh4# 1-0

[Event "ODJM B 2022"]
[Site "Willingen GER"]
[Date "2022.06.09"]
[Round "7"]
[White "Hornstein, Leonhard Orell"]
[Black "Kullmann, Theo"]
[Result "0-1"]
[Termination "normal"]
[Board "21"]
[WhiteElo "1214"]
[BlackElo "1506"]
[PlyCount "42"]
[WhiteFideId "16254643"]
[BlackFideId "16218582"]
[EventCountry "GER"]
[EventRounds "9"]
[EventType "swiss"]
[EventDate "2022.06.04"]

1. d4 d5 2. Nc3 Nf6 3. Bf4 a6 4. e3 e6 5. Nf3 c5 6. dxc5 Bxc5 7. Bd3 Nc6 8. O-O
O-O 9. e4 dxe4 10. Nxe4 Be7 11. c3 Nd5 12. Bg3 b5 13. Ne5 Bb7 14. h4 Nxe5 15.
Bxe5 f5 16. Nd2 Bxh4 17. Bd4 Bf6 18. Nf3 Bxd4 19. Nxd4 Nf4 20. f3 Qg5 21. Qd2
Nh3+ 0-1

[Event "ODJM B 2022"]
[Site "Willingen GER"]
[Date "2022.06.09"]
[Round "7"]
[White "Schaudienst, Arvid"]
[Black "Hartwig, Eric-Jordan"]
[Result "0-1"]
[Termination "normal"]
[Board "22"]
[WhiteElo "1411"]
[BlackElo "1510"]
[PlyCount "90"]
[WhiteFideId "16266943"]
[BlackFideId "16298454"]
[EventCountry "GER"]
[EventRounds "9"]
[EventType "swiss"]
[EventDate "2022.06.04"]

1. e4 c5 2. Nc3 Nc6 3. f4 e6 4. Nf3 g6 5. d4 cxd4 6. Nxd4 Bg7 7. Be3 Nge7 8.
Bb5 O-O 9. Qd2 f5 10. O-O-O a6 11. Bc4 Nxd4 12. Bxd4 Bxd4 13. Qxd4 Qc7 14. e5
b5 15. Bb3 Nc6 16. Qd2 Na5 17. Nd5 Nxb3+ 18. axb3 Qd8 19. Nf6+ Rxf6 20. exf6
Qxf6 21. Rhe1 d5 22. Qe2 Bd7 23. g3 Kf7 24. Qf2 Qd8 25. Qc5 Rc8 26. Qd6 Rc6 27.
Qe5 a5 28. Rd4 Qc8 29. Re2 b4 30. Red2 Rb6 31. Qe3 Qa6 32. Qe2 Qa7 33. Rd1 a4
34. Kd2 axb3 35. cxb3 Qa2 36. Ke1 Qxb3 37. R1d3 Qa2 38. b3 Qxe2+ 39. Kxe2 Bb5
40. Kd2 Bxd3 41. Kxd3 Ke7 42. Ke3 Kd6 43. Rd2 Ra6 44. Kd4 Ra3 45. Rb2 Ra1 0-1

[Event "ODJM B 2022"]
[Site "Willingen GER"]
[Date "2022.06.09"]
[Round "7"]
[White "Masur, Maxim"]
[Black "Uhlmann, Jonas"]
[Result "0-1"]
[Termination "normal"]
[Board "23"]
[WhiteElo "1428"]
[BlackElo "1315"]
[PlyCount "126"]
[WhiteFideId "34606637"]
[BlackFideId "16258576"]
[EventCountry "GER"]
[EventRounds "9"]
[EventType "swiss"]
[EventDate "2022.06.04"]

1. e4 e5 2. Nf3 Nc6 3. Bb5 a6 4. Ba4 Nf6 5. d3 d6 6. c3 d5 7. Nxe5 b5 8. Nxc6
Qd6 9. Bb3 Qxc6 10. e5 Nd7 11. d4 Be7 12. Qf3 O-O 13. Bxd5 Qg6 14. Bxa8 Nb6 15.
Be4 Qe6 16. O-O f5 17. Bc2 f4 18. Bb3 Nc4 19. Nd2 Kh8 20. Nxc4 bxc4 21. Bc2 Qb6
22. b3 c6 23. bxc4 Bb7 24. c5 Qc7 25. Qe4 g6 26. Bxf4 a5 27. e6 Rxf4 28. Qe5+
Qxe5 29. dxe5 Bxc5 30. Rab1 Ba6 31. Rb8+ Kg7 32. a4 Bxf1 33. e7 Bxe7 34. Kxf1
Rc4 35. Rb3 Kf7 36. Rb7 Rxc3 37. Bb3+ Kf8 38. g3 g5 39. Kg2 h5 40. Bd1 g4 41.
h3 gxh3+ 42. Kxh3 h4 43. Ra7 hxg3 44. fxg3 Rc5 45. e6 Ke8 46. Bf3 Rc4 47. Rxa5
Bd8 48. Ra6 c5 49. Ra7 Be7 50. Bc6+ Kf8 51. a5 Rc3 52. a6 Ra3 53. Ra8+ Kg7 54.
a7 Kf6 55. Bd5 Ke5 56. Bc4 Kd4 57. Bb5 Ke5 58. Bd7 Kf6 59. Kg4 Bd6 60. Bc6
Rxg3+ 61. Kh4 Ra3 62. Rd8 Be7 63. a8=Q Kf5+ 0-1

[Event "ODJM B 2022"]
[Site "Willingen GER"]
[Date "2022.06.09"]
[Round "7"]
[White "Keuper, David"]
[Black "Schotthöfer, Samira"]
[Result "0-1"]
[Termination "normal"]
[Board "24"]
[WhiteElo "1243"]
[BlackElo "1304"]
[PlyCount "64"]
[WhiteFideId "16287568"]
[BlackFideId "16243455"]
[EventCountry "GER"]
[EventRounds "9"]
[EventType "swiss"]
[EventDate "2022.06.04"]

1. d4 Nf6 2. Nf3 c5 3. e3 d5 4. b3 cxd4 5. exd4 Bg4 6. Bd3 Nc6 7. Bb2 e6 8. O-O
Bd6 9. Nbd2 Bf4 10. Be2 Rc8 11. a3 O-O 12. Ne5 Bf5 13. Ndf3 Bxc2 14. Qe1 Bxb3
15. Nxc6 Rxc6 16. Qb4 Rb6 17. Qc3 Ne4 18. Qd3 Bc4 19. Qc2 Bxe2 20. Qxe2 Qd7 21.
Bc1 Bd6 22. Be3 Rc6 23. Ne5 Bxe5 24. dxe5 b6 25. a4 Qc7 26. Qb5 Rc8 27. a5 bxa5
28. Rxa5 Qxe5 29. Rxa7 Qb8 30. Rb7 Qd6 31. Rb1 Nc3 32. Bf4 Nxb5 0-1

[Event "ODJM B 2022"]
[Site "Willingen GER"]
[Date "2022.06.09"]
[Round "7"]
[White "Wehrle, Valentin"]
[Black "Bock, Leonas"]
[Result "1/2-1/2"]
[Termination "normal"]
[Board "25"]
[WhiteElo "1522"]
[BlackElo "1352"]
[PlyCount "82"]
[WhiteFideId "65600355"]
[BlackFideId "16287118"]
[EventCountry "GER"]
[EventRounds "9"]
[EventType "swiss"]
[EventDate "2022.06.04"]

1. d4 d5 2. c4 dxc4 3. e4 b5 4. Nc3 c6 5. Nf3 b4 6. Na4 e6 7. Bxc4 Be7 8. O-O
a5 9. Ne5 Nf6 10. f3 O-O 11. Be3 Nfd7 12. Nd3 Ba6 13. Rc1 Bb5 14. Bxb5 cxb5 15.
Nac5 Nxc5 16. Nxc5 Nd7 17. Qe2 Nxc5 18. dxc5 Qb8 19. Rc2 Ra6 20. c6 Rc8 21.
Rfc1 Bd6 22. g3 Bc7 23. f4 Bb6 24. Kf2 Ra7 25. Kf3 Bxe3 26. Qxe3 Rac7 27. Qc5
Rd8 28. Ke2 h6 29. Rd1 Rxd1 30. Kxd1 Qd8+ 31. Rd2 Qc8 32. Rd6 e5 33. f5 Kh7 34.
Qxb5 f6 35. Kd2 h5 36. h4 Qf8 37. Rd7 Qc8 38. Rxc7 Qxc7 39. Qd5 Qb6 40. Qd7
Qf2+ 41. Kd3 Qf1+ 1/2-1/2

[Event "ODJM B 2022"]
[Site "Willingen GER"]
[Date "2022.06.09"]
[Round "7"]
[White "Meitzner, Johan Eduard"]
[Black "Bakó, Evelin"]
[Result "1-0"]
[Termination "normal"]
[Board "26"]
[WhiteElo "1396"]
[BlackElo "1214"]
[PlyCount "107"]
[WhiteFideId "34623612"]
[BlackFideId "16271823"]
[EventCountry "GER"]
[EventRounds "9"]
[EventType "swiss"]
[EventDate "2022.06.04"]

1. e4 e5 2. Nf3 Nf6 3. Nxe5 d6 4. Nf3 Nxe4 5. Nc3 Nxc3 6. dxc3 Be7 7. Bd3 Nc6
8. Be3 Be6 9. Qe2 Qd7 10. O-O-O Bf6 11. Kb1 O-O-O 12. Bb5 Rhe8 13. Nd4 Bxd4 14.
cxd4 d5 15. Rd3 a6 16. Ba4 Bf5 17. Rb3 Qe6 18. Qd2 Qg6 19. g3 Be4 20. Rc1 Re6
21. Bf4 a5 22. Qc3 Rd7 23. f3 Bxc2+ 24. Qxc2 Qxc2+ 25. Rxc2 Nxd4 26. Bxd7+ Kxd7
27. Rxc7+ Kd8 28. Re3 Rxe3 29. Bxe3 Kxc7 30. Bxd4 g6 31. Kc2 b5 32. a3 a4 33.
b4 Kd6 34. Kd3 f5 35. g4 fxg4 36. fxg4 h5 37. gxh5 gxh5 38. Ke3 Ke6 39. Kf4 h4
40. h3 Kf7 41. Ke5 Kg6 42. Kxd5 Kf5 43. Kc5 Ke4 44. Bf2 Kf3 45. Bxh4 Ke3 46.
Kxb5 Kd4 47. Kc6 Kc4 48. b5 Kb3 49. b6 Kxa3 50. b7 Ka2 51. b8=Q a3 52. Kc5 Ka1
53. Kc4 a2 54. Bf6# 1-0